Entre el cielo y la tierra / (Record no. 124973)
[ view plain ]
| 000 -CABECERA | |
|---|---|
| campo de control de longitud fija | 00305nam a2200109 u 4500 |
| 005 - FECHA Y HORA DE LA ÚLTIMA TRANSACCIÓN | |
| campo de control | 20210219155820.0 |
| 008 - ELEMENTOS DE LONGITUD FIJA--INFORMACIÓN GENERAL | |
| campo de control de longitud fija | 071010s1993 r 000 0 eng d |
| 035 ## - NÚMERO DE CONTROL DEL SISTEMA | |
| Número de control de sistema | UPN01000152850 |
| 245 00 - MENCIÓN DE TÍTULO | |
| Título | Entre el cielo y la tierra / |
| Mención de responsabilidad, etc. | dir. Oliver Stone. |
| 260 ## - PUBLICACIÓN, DISTRIBUCIÓN, ETC. | |
| Lugar de publicación, distribución, etc. | EE.UU : |
| Nombre del editor, distribuidor, etc. | Warner home video, |
| Fecha de publicación, distribución, etc. | 1993. |
| 905 ## - TIPO DE MATERIAL | |
| Tipo de material | Au |
| Estado de retiro | Estado de pérdida | Fuente del sistema de clasificación o colocación | Estado dañado | No para préstamo | Código de colección | Localización permanente | Ubicación/localización actual | Ubicación en estantería | Total de préstamos | Código de barras | Fecha visto por última vez | Número de copia | Tipo de ítem Koha |
|---|---|---|---|---|---|---|---|---|---|---|---|---|---|
| Library of Congress Classification | Audiovisuales | Bib. Gregorio Torres Quintero | Bib. Gregorio Torres Quintero | Audiovisual | 254261 | 31/12/2020 | 1 | Videocasete |
